Melanie Martinez - K-12 - Statistics

General Stats
  • This quiz has been taken 369 times
  • The average score is 10 of 13
Answer Stats
2019 K-12 % Correct
1 Wheels on the Bus
94%
2 Class Fight
88%
9 Orange Juice
84%
3 The Principal
83%
8 Lunchbox Friends
81%
10 Detention
79%
13 Recess
79%
5 Nurse's Office
78%
11 Teacher's Pet
78%
12 High School Sweethearts
77%
6 Drama Club
76%
4 Show & Tell
73%
7 Strawberry Shortcake
72%
No matching quizzes found
Score Distribution
Percent of People with Each Score
Percentile by Number Answered
Your Score History
You have not taken this quiz